Megarry's manual of the law of real property

Bibliographic Details
Main Author: Hayton, David J.
Format: Book
Published: London : Stevens , 1982
Edition:6th. edition
Subjects:

MARC

LEADER 00000cam a2200000 7i4500
001 0000000377
005 20050628.0
040 |a INS 
090 0 0 |a KD829.   |b M42 1982 
100 1 |a Hayton, David J. 
245 1 0 |a Megarry's manual of the law of real property   |c David J.Hayton 
250 |a 6th. edition 
260 |a London :   |b Stevens ,   |c 1982 
300 |a Iviip :   |b 615p ;   |c 24cm. 
650 0 0 |a Real property   |z Great Britain 
700 1 |a Hayton, David J. 
999 |a 0000001310   |b BOOK   |c Open Shelf   |e Default branch 
999 |a 0000002914   |b BOOK   |c Open Shelf   |e Default branch